MARC details
| 000 -CABECERA |
| campo de control de longitud fija |
01513nam a2200289 a 4500 |
| 001 - NÚMERO DE CONTROL |
| campo de control |
000027452 |
| 003 - IDENTIFICADOR DEL NÚMERO DE CONTROL |
| campo de control |
DO-SdBNP |
| 005 - FECHA Y HORA DE LA ÚLTIMA TRANSACCIÓN |
| campo de control |
20250318154248.0 |
| 007 - CAMPO FIJO DE DESCRIPCIÓN FÍSICA--INFORMACIÓN GENERAL |
| campo de control de longitud fija |
ta |
| 008 - DATOS DE LONGITUD FIJA--INFORMACIÓN GENERAL |
| campo de control de longitud fija |
110331t1988 dr a gr 001 edspa d |
| 040 ## - FUENTE DE LA CATALOGACIÓN |
| Centro catalogador/agencia de origen |
DO-SdBNP |
| Lengua de catalogación |
spa |
| Centro/agencia transcriptor |
BNPHU |
| 082 #4 - NÚMERO DE LA CLASIFICACIÓN DECIMAL DEWEY |
| Número de documento/Ítem |
H967c |
| Número de edición |
22 |
| 100 1# - ENTRADA PRINCIPAL--NOMBRE DE PERSONA |
| Nombre de persona |
Hurwitch, Robert A. |
| 9 (RLIN) |
30664 |
| 245 10 - MENCIÓN DE TÍTULO |
| Título |
Colón e Isabel : |
| Resto del título |
(cita con el destino). / |
| Mención de responsabilidad, etc. |
Robert A. Hurwitch ; traducción de Guillermina Nadal de Rijo; ilustraciones por Marina Teresa Contreras del Rosario; prólogo, Roque Adames Rodríguez |
| 260 ## - PUBLICACIÓN, DISTRIBUCIÓN, ETC. |
| Lugar de publicación, distribución, etc. |
Santo Domingo : |
| Nombre del editor, distribuidor, etc. |
Fundación la Isabela, |
| Fecha de publicación, distribución, etc. |
1988 |
| 300 ## - DESCRIPCIÓN FÍSICA |
| Extensión |
121 p. : |
| Otras características físicas |
il. ; |
| Dimensiones |
23 cm. |
| 500 ## - NOTA GENERAL |
| Nota general |
Incluye datos biográficos del autor en la solapa de la cubierta. |
| 505 #0 - NOTA DE CONTENIDO CON FORMATO |
| Nota de contenido con formato |
Nota del autor. |
| Título |
I. El plan Divino.-- |
| -- |
II. Un hombre con una misión.-- |
| -- |
III. El camino es largo.-- |
| -- |
IV. Misión compartida.-- |
| -- |
V. Misión emprendida. - El descubrimiento.-- |
| -- |
VI. Exploración y feliz regreso.-- |
| -- |
VII. Recepción y Bautismo.-- |
| -- |
VIII. Misión realizada. - La Primera Misa. |
| -- |
Epílogo.-- |
| -- |
Bibliografía. |
| 590 ## - NOTA LOCAL (RLIN) |
| Nota local |
Inventariado 2023 / MF |
| 600 #4 - PUNTO DE ACCESO ADICIONAL DE MATERIA--NOMBRE DE PERSONA |
| 9 (RLIN) |
27932 |
| Nombre de persona |
Colón, Cristóbal, |
| Fechas asociadas al nombre |
1451-1506 |
| Subdivisión general |
Crítica e Interpretación |
| 651 #4 - PUNTO DE ACCESO ADICIONAL DE MATERIA--NOMBRE GEOGRÁFICO |
| Nombre geográfico |
América -- |
| Subdivisión general |
Descubrimiento y exploración -- |
| -- |
Españoles |
| 9 (RLIN) |
544 |
| Subdivisión de forma |
Ensayo, conferencias, etc. |
| 700 1# - PUNTO DE ACCESO ADICIONAL--NOMBRE DE PERSONA |
| Nombre de persona |
Adames Rodríguez, Roque Antonio, |
| Término indicativo de función/relación |
pról. |
| 9 (RLIN) |
12042 |
| Títulos y otros términos asociados al nombre |
Mons. |
| Fechas asociadas al nombre |
1928-2009 |
| 700 1# - PUNTO DE ACCESO ADICIONAL--NOMBRE DE PERSONA |
| Nombre de persona |
Nadal de Rijo, Guillermina, |
| Término indicativo de función/relación |
tr. |
| 9 (RLIN) |
54519 |
| 700 1# - PUNTO DE ACCESO ADICIONAL--NOMBRE DE PERSONA |
| Nombre de persona |
Contreras del Rosario, Marina Teresa |
| Término indicativo de función/relación |
il. |
| 9 (RLIN) |
83064 |
| 910 ## - DATOS DE OPCIÓN DEL USUARIO (OCLC) |
| Datos de opción del usuario |
MFeliz |
| 942 ## - ELEMENTOS DE PUNTO DE ACCESO ADICIONAL (KOHA) |
| Fuente del sistema de clasificación o colocación |
Dewey Decimal Classification |
| Tipo de ítem Koha |
Libro |